000
00367nam a2200133Ia 4500
003
GCL
008
140319s9999 xx 000 0 ara d
040
_a
GCL /
_c
GCL
082
0
4
_a
221.133
_b
ح م
245
1
0
_a
مختصر البيان فى فواتح سور القرأن
260
_a
[S.N] :
_b
مركز الكتاب للنشر ،
_c
1993
300
_a
80 ص
490
_a
999
_c
46835
_d
46835